000 01051cac a22003251u 4500
999 _c5634
_d5634
003 EG-ScBUE
005 20200809102518.0
008 081204t1999 xxua f b 001 0 eng d
020 _a007115809X
020 _a9780071158091
040 _aEG-ScBUE
_beng
_erda
_cEG-ScBUE
_dEG-ScBUE
082 0 4 _a657
_bACC
_222
100 _a
245 0 0 _aAccounting :
_bthe basis for business decisions /
_cRobert F. Meigs, San Diego State University [and three others]
250 _aEleventh edition.
250 _aInternational edition.
264 1 _aNew York :
_bMcGraw-Hill,
_c[1999]
264 4 _cc1999
300 _axxvi, 1104 pages :
_billustrations ;
_c28 cm
336 _2rdacontent
_atext
_btxt
337 _2rdamedia
_aunmediated
_bn
338 _2rdacarrier
_avolume
_bnc
500 _aIncludes appendices.
504 _aIncludes bibliographical references and index.
650 7 _aAccounting.
_2BUEsh
653 _bBUSADM
_cJuly2020
655 _vReading book
_934232
700 1 _aMeigs, Robert F.,
_eauthor.
942 _cBB
_k657MEI
_2ddc